000 00665nam a22002177a 4500
003 UA-OsUOA
001 112176
007 ta
008 20150622b un ||||| |||| 00| 0 ukr d
100 _aСулима В.
090 _a82
_bС89
942 _cSA
040 _aUA-OsUOA
_bukr
_cUA-OsUOA
_dUA-OsUOA
245 _aДавньоукраїнська проповідь як літературний жанр в контексті нової герменевтичної стратегії
300 _aС.91-95
955 _a0
041 _aukr
080 _a82
773 0 _w112172
650 7 _a82 Література. Літературознавство
_2UDC
999 _c398261
_d398261